Statystyki dla Państwa, które są takie same w języku angielskim i polskim

Kliknij tutaj aby rozwiązać quiz!

Ogólne statystyki

  • Ten quiz został rozwiązany 412 razy
  • Średni wynik to 26 z 65

Odpowiedzi na mapie

Odpowiedzi skodowane kolorowo w zielono-czerwonej skali na mapie do tego quizu, zgodnie z poniższymi procentami.
Ładowanie ...
 

Statystyki odpowiedzi

Kraj% Poprawnych
Australia
87%
Chile
72%
Peru
67%
Iran
66%
Oman
61%
Niger
60%
Austria
57%
Nigeria
56%
Malta
55%
San Marino
55%
Mongolia
53%
Panama
53%
Liechtenstein
52%
Sudan
51%
Mali
49%
Haiti
48%
Pakistan
47%
Angola
46%
Somalia
45%
Senegal
44%
Sri Lanka
43%
Nepal
43%
Togo
43%
Lesotho
42%
Zimbabwe
42%
Laos
42%
Serbia
41%
Ghana
41%
Estonia
40%
Zambia
40%
Uzbekistan
40%
Bhutan
40%
Armenia
38%
Albania
38%
Honduras
38%
Belize
37%
Syria
37%
Turkmenistan
36%
Vanuatu
34%
Uganda
34%
Namibia
34%
Gabon
34%
Palau
33%
Botswana
33%
Tonga
31%
Tanzania
31%
Gambia
31%
Tuvalu
30%
Eswatini
30%
Benin
30%
Nauru
30%
Kiribati
29%
Sierra Leone
29%
Brunei
28%
Liberia
28%
Burkina Faso
28%
Barbados
26%
Mauritius
26%
Saint Lucia
26%
Rwanda
26%
Burundi
26%
Samoa
25%
Bułgaria
23%
Malawi
21%
Grenada
20%

Rozkład punktacji

Percentyl według liczby udzielonych odpowiedzi

Procent ludzi z każdym wynikiem

Twoja historia wyników

Nie rozwiązałeś tego quizu